Rozprávka o najkrajšom na svete

Bibliographic Details
Main Author: M. Ch (Author)
Format: Article
Language:Slovak
Subjects:

MARC

LEADER 00000nab a2200000uu 4500
001 vtls011514443
003 SK-MaSNL
005 20260303181035.0
008 230704|1976 xo |||||||||||||||||slo|
015 |a SNBRB 
035 |a (urnnbn)urn:nbn:sk:snk:ar-001gce 
035 |a (uuid)32497f16-9d60-4db1-97fa-d5fe024d4a8c 
035 |a urn:nbn:sk:snk-abe4ba 
040 |a SNKBUCL  |b slo  |c SNKBUCL  |e AACR2 
041 0 |a slo 
044 |a xo  |c SK 
100 0 |a M. Ch.  |4 aut  |9 829554 
245 1 0 |a Rozprávka o najkrajšom na svete  |c M. Ch. 
650 0 7 |a rozprávky  |2 SNKPH  |9 75941 
655 7 |a recenzie  |2 SNKPH  |9 21907 
773 0 |t Slovenské pohľady  |g Roč. 92, č. 11 (1976), s. 154 
850 |a Slovenská národná knižnica 
852 |a Slovenská národná knižnica 
954 |a odborná, vedecká literatúra pôvodná (slovenská)  |2 lita 
958 |a OND 
958 |a EUIPO 
958 |a article21 
999 |c 2108639  |d 2110569